000 00458nam a2200181Ia 4500
001 20084
008 140408s9999 xx 000 0 und d
020 _a0-13-671497-8
040 _cPK-LaUMT
082 _a 158.1
_bDAW-T
100 _aRoger Dawson
245 4 _aThe 13 secrets of power performance
_cRoger Dawson
260 _aLondon,UK:
_bPrentice-Hall International,
_c1994
300 _a306 p.
546 _aEN
650 _aPerformance
942 _cBK
999 _c20440
_d20440